Statistics for US states by only -/-Consonants-/-

Click here to take the quiz!

General Stats

  • This quiz has been taken 37 times
  • The average score is 43 of 50

Answers on the Map

Answers color-coded by a green-red scale on the quiz's map according to % correct below.
 

Answer Stats

Answer% Correct
CLFRN
100%
FLRD
97%
LSK
97%
W
97%
H
94%
MN
94%
NVD
94%
RZN
94%
TH
94%
WSHNGTN
94%
CLRD
91%
LBM
91%
MNTN
91%
NW MXC
91%
RGN
91%
TXS
91%
WYMNG
91%
GRG
88%
LSN
88%
MSSSSPP
88%
NRTH CRLN
88%
NRTH DKT
88%
STH CRLN
88%
WSCNSN
88%
WST VRGN
88%
DH
85%
LLNS
85%
MSSR
85%
NW JRSY
85%
RKNSS
85%
STH DKT
85%
VRGN
85%
VRMNT
85%
HW
82%
KLHM
82%
KNSS
82%
MCHGN
82%
NBRSK
82%
NW YRK
82%
KNTCKY
79%
TNNSS
79%
MSSCHSTTS
76%
NDN
76%
NW HMPSHR
76%
PNNSYLVN
76%
MNNST
73%
CNNCTCT
67%
DLWR
67%
MRYLND
67%
RHD SLND
67%

Score Distribution

Percentile by Number Answered

Percent of People with Each Score

Your Score History

You have not taken this quiz